Central Library || Chittagong University

Arithmetic : (Record no. 111557)

MARC details
000 -LEADER
fixed length control field 00506nam a22001817a 4500
003 - CONTROL NUMBER IDENTIFIER
control field BD-ChCU
005 - DATE AND TIME OF LATEST TRANSACTION
control field 20260210132510.0
008 - FIXED-LENGTH DATA ELEMENTS--GENERAL INFORMATION
fixed length control field 260210b bg ||||| |||| 00| 0 ben d
040 ## - CATALOGING SOURCE
Transcribing agency BD-ChCU
082 ## - DEWEY DECIMAL CLASSIFICATION NUMBER
Classification number 511 TAA
100 ## - MAIN ENTRY--PERSONAL NAME
Personal name Taylor, E. H. and Mills, C. N.
9 (RLIN) 20237
245 ## - TITLE STATEMENT
Title Arithmetic :
Remainder of title for teacher - training classes.//
Statement of responsibility, etc. Taylor, E. H. and Mills, C. N.
250 ## - EDITION STATEMENT
Remainder of edition statement 4th ed.
260 ## - PUBLICATION, DISTRIBUTION, ETC.
Place of publication, distribution, etc. New York
Name of publisher, distributor, etc. Holt.
Date of publication, distribution, etc. 1961
300 ## - PHYSICAL DESCRIPTION
Extent ix, 438p
650 #0 - SUBJECT ADDED ENTRY--TOPICAL TERM
Topical term or geographic name entry element Arithmetic.
9 (RLIN) 20238
942 ## - ADDED ENTRY ELEMENTS (KOHA)
Source of classification or shelving scheme Dewey Decimal Classification
Koha item type Books
Suppress in OPAC No
Holdings
Withdrawn status Lost status Source of classification or shelving scheme Damaged status Not for loan Home library Current library Shelving location Date acquired Source of acquisition Total Checkouts Full call number Barcode Date last seen Copy number Price effective from Koha item type
    Dewey Decimal Classification     Chittagong University Library Chittagong University Library Science Reading Room 02/10/2026 Purchase   511 TAA 18404 02/10/2026 C-1 02/10/2026 Books
© Copyright 2025. Chittagong University Library, Installation and Maintenance by Prof. Dr. Md. Alamgir, 01711306253